| 000 | 00693nam a22002177a 4500 | ||
|---|---|---|---|
| 003 | OSt | ||
| 005 | 20231101163911.0 | ||
| 008 | 221006b |||||||| |||| 00| 0 eng d | ||
| 040 | _cBiblioteca Lado V | ||
| 082 |
_a708 _bG216f |
||
| 100 |
_91196 _aGarcía Ponce, Fernando _eautor |
||
| 245 | _aFernando García Ponce/ | ||
| 260 |
_aCosta Rica _c1988 _bMuseo de Arte Costarricense |
||
| 300 |
_a18 p. _c24.5 x 18.5 cm |
||
| 366 | _efre | ||
| 366 | _eeng | ||
| 650 |
_2Tesauro de Arte & Arquitectura _aARTE _9703 |
||
| 650 |
_2Tesauro de Arte & Arquitectura _aCOLECCIÓN _9702 |
||
| 650 |
_2Tesauro de Arte & Arquitectura _aPINTURA _9703 |
||
| 942 |
_2ddc _c1 _h708 _iG216f _n0 |
||
| 999 |
_c4536 _d4536 |
||